000 00492nam a2200145 4500
008 151012b xxu||||| |||| 00| 0 eng d
020 _a0977225771
050 _aSPE HD 57.7 .C65 2006
100 _aColan, Lee J.
_d2006
245 _a7 Moments That Define Excellent Leaders:
_cLee J. Colan.
260 _aDallas:
_bCornerStone Leadership Institute,
_c2006.
300 _a131p.:
650 _aEnglish Fiction
942 _2lcc
_cSH_L_BOOKS
_hSPE HD 57.7 .C65 2006
999 _c8395
_d8395